<?xml version="1.0" encoding="UTF-8"?>
<collection xmlns="http://www.loc.gov/MARC21/slim">
 <record>
  <leader>01004nam0a2200253   4500</leader>
  <controlfield tag="001">in00000003503</controlfield>
  <controlfield tag="005">20230113140203.0</controlfield>
  <datafield tag="010" ind1=" " ind2=" ">
   <subfield code="a">978-7-5153-4325-9</subfield>
   <subfield code="d">CNY38.00</subfield>
  </datafield>
  <datafield tag="035" ind1=" " ind2=" ">
   <subfield code="a">008661995</subfield>
  </datafield>
  <datafield tag="100" ind1=" " ind2=" ">
   <subfield code="a">20181129d2016    em y0chiy50      ea</subfield>
  </datafield>
  <datafield tag="101" ind1="1" ind2=" ">
   <subfield code="a">chi</subfield>
   <subfield code="c">jpn</subfield>
  </datafield>
  <datafield tag="102" ind1=" " ind2=" ">
   <subfield code="a">CN</subfield>
   <subfield code="b">110000</subfield>
  </datafield>
  <datafield tag="105" ind1=" " ind2=" ">
   <subfield code="a">a   z   000cy</subfield>
  </datafield>
  <datafield tag="106" ind1=" " ind2=" ">
   <subfield code="a">r</subfield>
  </datafield>
  <datafield tag="200" ind1="1" ind2=" ">
   <subfield code="a">积存时间的生活</subfield>
   <subfield code="9">ji cun shi jian de sheng huo</subfield>
   <subfield code="f">(日)津端修一，(日)津端英子[口述]</subfield>
   <subfield code="g">水野惠美子采访撰文</subfield>
   <subfield code="g">李毓昭翻译</subfield>
  </datafield>
  <datafield tag="210" ind1=" " ind2=" ">
   <subfield code="a">北京</subfield>
   <subfield code="c">中国青年出版社</subfield>
   <subfield code="d">2016</subfield>
  </datafield>
  <datafield tag="215" ind1=" " ind2=" ">
   <subfield code="a">225页</subfield>
   <subfield code="c">照片</subfield>
   <subfield code="d">21cm</subfield>
  </datafield>
  <datafield tag="606" ind1="0" ind2=" ">
   <subfield code="a">随笔</subfield>
   <subfield code="x">作品集</subfield>
   <subfield code="y">日本</subfield>
   <subfield code="z">现代</subfield>
  </datafield>
  <datafield tag="690" ind1=" " ind2=" ">
   <subfield code="a">I313.65</subfield>
   <subfield code="v">5</subfield>
  </datafield>
  <datafield tag="701" ind1=" " ind2="0">
   <subfield code="c">(日)</subfield>
   <subfield code="a">津端修一</subfield>
   <subfield code="9">jin duan xiu yi</subfield>
   <subfield code="f">(1925~2015)</subfield>
   <subfield code="4">口述</subfield>
  </datafield>
  <datafield tag="701" ind1=" " ind2="0">
   <subfield code="c">(日)</subfield>
   <subfield code="a">津端英子</subfield>
   <subfield code="9">jin duan ying zi</subfield>
   <subfield code="c">(女，</subfield>
   <subfield code="f">1928~)</subfield>
   <subfield code="4">口述</subfield>
  </datafield>
  <datafield tag="702" ind1=" " ind2="0">
   <subfield code="c">(日)</subfield>
   <subfield code="a">水野惠美子</subfield>
   <subfield code="9">shui ye hui mei zi</subfield>
   <subfield code="4">采访撰文</subfield>
  </datafield>
  <datafield tag="702" ind1=" " ind2="0">
   <subfield code="a">李毓昭</subfield>
   <subfield code="9">li yu zhao</subfield>
   <subfield code="c">(编辑)</subfield>
   <subfield code="4">翻译</subfield>
  </datafield>
  <datafield tag="999" ind1="f" ind2="f">
   <subfield code="s">e568406e-52ab-4830-8422-77a18de28c3b</subfield>
   <subfield code="i">d1d5ee10-afa0-492d-8d78-a624ac564dc9</subfield>
  </datafield>
 </record>
</collection>
